|
|
|
|
| LEADER |
00000nam0a2200000 4500 |
| 001 |
193028 |
| 005 |
20240207131340.0 |
| 035 |
|
|
|a (RuTPU)RU\TPU\book\210458
|
| 090 |
|
|
|a 193028
|
| 100 |
|
|
|a 20110314d2010 m y0rusy50 ca
|
| 101 |
0 |
|
|a rus
|
| 102 |
|
|
|a RU
|
| 105 |
|
|
|a a j 001zy
|
| 200 |
1 |
|
|a Электрический привод. Динамика. Лабораторный практикум
|e учебное пособие для вузов
|f С. И. Качин, И. Г. Однокопылов, С. М. Семенов
|g Томский политехнический университет (ТПУ), Институт дистанционного образования (ИДО)
|
| 210 |
|
|
|a Томск
|c Изд-во ТПУ
|d 2010
|
| 215 |
|
|
|a 100 с.
|c ил.
|
| 320 |
|
|
|a Библиогр. в конце лаб. работ.
|
| 330 |
|
|
|a Лабораторный практикум содержит описания четырех лабораторных работ по курсам "Основы электропривода", "Электрический привод", "Автоматизированный электропривод" и предназначен для студентов всех форм обучения электромеханической и энергетических специальностей. В данном практикуме приведены способы исследования динамических режимов электроприводов постоянного и переменного тока и статических характеристик замкнутых систем аналитическим и экспериментальным путем с использованием компьютерной техники. Пособие подготовлено на кафедре электропривода и электрооборудования и предназначено для студентов ИДО, обучающихся по специальностям 140604 "Электропривод и автоматика промышленных установок и технологических комплексов", 140601 "Электромеханика", 140211 "Электроснабжение", 140610 "Электрооборудование и электрохозяйство предприятий, организаций и учреждений".
|
| 606 |
1 |
|
|a Электроприводы
|2 stltpush
|3 (RuTPU)RU\TPU\subj\20689
|9 45775
|
| 610 |
1 |
|
|a приводы
|
| 610 |
1 |
|
|a электрические приводы
|
| 610 |
1 |
|
|a динамика
|
| 610 |
1 |
|
|a лабораторные стенды
|
| 610 |
1 |
|
|a многоканальные осциллографы
|
| 610 |
1 |
|
|a программные продукты
|
| 610 |
1 |
|
|a мультиметры
|
| 610 |
1 |
|
|a машины переменного тока
|
| 610 |
1 |
|
|a электромашинные агрегаты
|
| 610 |
1 |
|
|a лабораторные работы
|
| 610 |
1 |
|
|a учебные пособия
|
| 610 |
1 |
|
|a труды учёных ТПУ
|
| 610 |
1 |
|
|a дистанционное обучение
|
| 675 |
|
|
|a 62-83(076.5)
|v 3
|
| 700 |
|
1 |
|a Качин
|b С. И.
|c специалист в области электротехники
|c профессор Томского политехнического университета, доктор технических наук
|f 1954-
|g Сергей Ильич
|3 (RuTPU)RU\TPU\pers\26829
|
| 701 |
|
1 |
|a Однокопылов
|b И. Г.
|c специалист в области электротехники
|c доцент Томского политехнического университета, кандидат технических наук
|f 1983-
|g Иван Георгиевич
|3 (RuTPU)RU\TPU\pers\27975
|9 12965
|
| 701 |
|
1 |
|a Семенов
|b С. М.
|c специалист в области электротехники
|c заведующий лабораторией Томского политехнического университета
|f 1951-
|g Сергей Михайлович
|3 (RuTPU)RU\TPU\pers\27976
|9 12966
|
| 712 |
0 |
2 |
|a Томский политехнический университет (ТПУ)
|b Институт дистанционного образования (ИДО)
|3 (RuTPU)RU\TPU\col\12625
|
| 801 |
|
1 |
|a RU
|b 63413507
|c 20110314
|
| 801 |
|
2 |
|a RU
|b 63413507
|c 20201116
|g RCR
|
| 942 |
|
|
|c BK
|